000
00225 a2200097 4500
001
43495
100
_a
Coombes
245
_a
Representative English Poems
260
_a
London
_b
George G Harrap & Co.
_c
090
_c
27309
_d
27309
942
_a
NUST-CAE
_c
M
_c
19235
999
_c
278568
_d
278568